[Event "12sen.WM-H Naumburg"]
[Site "Naumburg/Saale(20.10.-03.11.)"]
[Date "2002.10.29"]
[Round "7"]
[White "Weber, Siegfried[27Fech]"]
[Black "Theuermeister, Peter"]
[Result "0-1"]
[WhiteElo "1588"]
[BlackElo "1728"]
[PlyCount "128"]
[EventDate "2002.11.??"]

1. e4 c5 2. Nf3 Nc6 3. d4 cxd4 4. Nxd4 Nf6 5. Nc3 d6 6. Be2 g6 7. Be3 Bg7 8.
Qd2 a6 9. f3 Bd7 10. O-O-O b5 11. Kb1 Ne5 12. g4 Rc8 13. g5 Nh5 14. Nd5 e6 15.
Nb6 Qxb6 16. Nxe6 Qc6 17. Nxg7+ Nxg7 18. f4 Nc4 19. Bxc4 bxc4 20. Qxd6 Qxd6 21.
Rxd6 Rc6 22. Rxc6 Bxc6 23. Bd4 O-O 24. Bxg7 Kxg7 25. Rd1 Re8 26. e5 Kf8 27. Rd6
Re6 28. Rd4 Bb5 29. c3 Ke7 30. Kc2 Rc6 31. b3 cxb3+ 32. axb3 Rc7 33. c4 Bd7 34.
Kc3 Bc8 35. b4 Rd7 36. Rd5 Bb7 37. Rxd7+ Kxd7 38. Kd4 Kc6 39. h4 Bc8 40. Ke4
Bh3 41. Kd4 Bf1 42. Kc3 Kb6 43. Kd4 Be2 44. Kd5 Bd3 45. Kd4 Bf5 46. Kc3 a5 47.
bxa5+ Kxa5 48. Kd4 Kb6 49. Kd5 Kc7 50. Kc5 Be4 51. Kd4 Bg2 52. Kc5 Bc6 53. Kd4
Kb6 54. e6 fxe6 55. Ke5 Kc5 56. Kxe6 Kxc4 57. f5 gxf5 58. Kxf5 Be8 59. Kg4 Kd4
60. h5 Ke5 61. g6 h6 62. Kh4 Kf6 63. Kg4 Ba4 64. Kf4 Bd1 0-1

[Event "12sen.WM-H Naumburg"]
[Site "Naumburg/Saale(20.10.-03.11.)"]
[Date "2002.10.29"]
[Round "7"]
[White "Werchan, Hans_Dr"]
[Black "Franke, Helmut"]
[Result "1-0"]
[WhiteElo "2121"]
[BlackElo "1759"]
[PlyCount "79"]
[EventDate "2002.11.??"]

1. Nf3 d5 2. c4 c6 3. b3 e6 4. g3 f5 5. Bb2 Nf6 6. Bg2 Be7 7. O-O O-O 8. d3 Qb6
9. Nbd2 Nbd7 10. Qc2 Bd6 11. d4 Qd8 12. Ne5 Ne4 13. f3 Nxd2 14. Qxd2 Nxe5 15.
dxe5 Bc5+ 16. Kh1 Qb6 17. Rfd1 Be3 18. Qc2 f4 19. Bh3 Bd7 20. Rd3 Rad8 21. Rad1
Bc8 22. Bd4 Bxd4 23. Rxd4 dxc4 24. Qxc4 Rd5 25. Kg2 fxg3 26. hxg3 Rxe5 27. e4
Re8 28. Qd3 Rh5 29. Bg4 Rh6 30. e5 Qc7 31. f4 c5 32. Rd6 b6 33. Bf3 Bb7 34. Rd7
Bxf3+ 35. Qxf3 Qb8 36. Rb7 Qa8 37. Rdd7 Rg6 38. Rxa7 Qc8 39. Qb7 h6 40. Rxg7+
1-0

[Event "12sen.WM-H Naumburg"]
[Site "Naumburg/Saale(20.10.-03.11.)"]
[Date "2002.10.29"]
[Round "7"]
[White "Werl, Wolfgang"]
[Black "Demmer, Wolfgang"]
[Result "1-0"]
[WhiteElo "2088"]
[BlackElo "1753"]
[PlyCount "109"]
[EventDate "2002.11.??"]

1. d4 Nf6 2. Nc3 d6 3. e4 c6 4. Nf3 Nbd7 5. Bd3 e5 6. Be3 Be7 7. Qd2 Ng4 8. h3
Nxe3 9. Qxe3 O-O 10. O-O Qc7 11. Ne2 Re8 12. c3 Nf6 13. dxe5 dxe5 14. Rfd1 h6
15. Ng3 Be6 16. b3 b6 17. Qe2 Rad8 18. Bc2 g5 19. Nh2 Bd6 20. Nh5 Nxh5 21. Qxh5
Kg7 22. Ng4 Rh8 23. Ne3 f6 24. Nf5+ Bxf5 25. exf5 Qf7 26. Qf3 c5 27. Be4 h5 28.
Bd5 Qc7 29. Qe4 Be7 30. Rd3 Rd6 31. Rad1 Rhd8 32. c4 Kh6 33. Qf3 Bf8 34. Qe4
Kh7 35. Qe2 Kh6 36. h4 g4 37. Qe4 Kh7 38. f3 Qg7 39. fxg4 Qxg4 40. Qxg4 hxg4
41. Rg3 Kh6 42. Rxg4 Kh5 43. Re4 R8d7 44. Kf2 Rg7 45. g3 Rdd7 46. Kf3 Kh6 47.
g4 Rh7 48. Rg1 Be7 49. g5+ fxg5 50. Rxe5 Bf6 51. Re6 Kg7 52. hxg5 Rh3+ 53. Kg4
Bd4 54. f6+ Kf8 55. Rge1 1-0

[Event "12sen.WM-H Naumburg"]
[Site "Naumburg/Saale(20.10.-03.11.)"]
[Date "2002.10.29"]
[Round "7"]
[White "Wiebke, Elfriede"]
[Black "Knobling, Rolf"]
[Result "0-1"]
[WhiteElo "1150"]
[BlackElo "1474"]
[PlyCount "156"]
[EventDate "2002.11.??"]

1. e4 c5 2. Nf3 Nc6 3. Bc4 d6 4. Nc3 a6 5. O-O Nf6 6. h3 b5 7. Bd5 Bd7 8. e5
Nxd5 9. Nxd5 dxe5 10. Nxe5 Nxe5 11. d4 cxd4 12. Qxd4 Nc6 13. Qe3 e6 14. Nf4 Be7
15. a3 O-O 16. b4 Bg5 17. Qg3 Bh4 18. Qe3 Bf6 19. c3 Ne5 20. Qg3 Rc8 21. Ne2 a5
22. Bf4 Ng6 23. Rad1 Nxf4 24. Qxf4 axb4 25. axb4 e5 26. Qd2 Rc7 27. f4 Qc8 28.
Rf3 Be6 29. fxe5 Bxe5 30. Qd3 Bc4 31. Qe4 Bxe2 32. Qxe2 Bf6 33. Qxb5 Rxc3 34.
Qf1 Qc6 35. b5 Qb6+ 36. Kh1 Rxf3 37. gxf3 Rb8 38. Kg2 Qxb5 39. Qxb5 Rxb5 40. f4
h6 41. Kf3 Rb3+ 42. Kg2 Bh4 43. f5 Rg3+ 44. Kh2 Rf3 45. Rd4 Bf6 46. Rg4 Rxf5
47. Rc4 Be5+ 48. Kg2 Kh7 49. h4 Rf4 50. Rc5 Bf6 51. h5 Re4 52. Rc7 Re5 53. Rxf7
Rxh5 54. Rb7 Rg5+ 55. Kf3 h5 56. Rb1 Kh6 57. Rb8 Kg6 58. Rb1 Kh6 59. Rh1 Ra5
60. Ke4 g5 61. Rc1 Kg6 62. Rc8 Ra4+ 63. Kd5 Kf5 64. Rc2 Ra8 65. Rf2+ Kg6 66.
Ke6 Re8+ 67. Kd5 Re5+ 68. Kd6 Re1 69. Kd5 h4 70. Rc2 g4 71. Rc4 Kg5 72. Rc8
Rd1+ 73. Ke6 Rd8 74. Rc5+ Kg6 75. Rc4 Rd4 76. Rc8 Re4+ 77. Kd5 Re1 78. Rg8+ Kf5
0-1

[Event "12sen.WM-H Naumburg"]
[Site "Naumburg/Saale(20.10.-03.11.)"]
[Date "2002.10.29"]
[Round "7"]
[White "Will, Michael"]
[Black "Zakhvatov, Vladimir"]
[Result "0-1"]
[WhiteElo "2077"]
[BlackElo "2314"]
[PlyCount "86"]
[EventDate "2002.11.??"]

1. c4 Nf6 2. Nc3 e6 3. e4 c5 4. d3 Nc6 5. Bg5 Be7 6. f4 h6 7. Bh4 Nxe4 8. Bxe7
Nxc3 9. Bxd8 Nxd1 10. Rxd1 Kxd8 11. Nf3 Ke7 12. d4 cxd4 13. Nxd4 Nxd4 14. Rxd4
b6 15. Be2 Bb7 16. Kf2 d6 17. Rhd1 Rhd8 18. Bf3 Bxf3 19. Kxf3 f5 20. b3 Rac8
21. h4 h5 22. R1d2 Rc7 23. g3 Rcd7 24. Rc2 Rc8 25. Rcd2 a5 26. a3 g6 27. Ke2
Rcc7 28. Kd1 e5 29. Rd5 e4 30. Rb5 Rc6 31. Ke2 a4 32. Rb2 axb3 33. R2xb3 Rxc4
34. Rxb6 Rc2+ 35. Kf1 Ra2 36. Ra6 Rc7 37. Rb1 Rcc2 38. Rd1 e3 39. Re1 Rf2+ 40.
Kg1 Rg2+ 41. Kh1 Rh2+ 42. Kg1 Rag2+ 43. Kf1 e2+ 0-1

[Event "12sen.WM-H Naumburg"]
[Site "Naumburg/Saale(20.10.-03.11.)"]
[Date "2002.10.29"]
[Round "7"]
[White "Winiwarter, Felix_Dr"]
[Black "Lardot, Derik"]
[Result "1-0"]
[WhiteElo "2191"]
[BlackElo "1916"]
[PlyCount "67"]
[EventDate "2002.11.??"]

1. d4 g6 2. e4 Bg7 3. f4 c5 4. Nf3 cxd4 5. Nxd4 Nc6 6. Nb3 d6 7. Nc3 a6 8. Bd3
Nf6 9. O-O b5 10. Qe1 O-O 11. Qh4 Ne8 12. f5 Ne5 13. a4 bxa4 14. Nd2 Bf6 15.
Qg3 Kg7 16. Nd5 Rh8 17. Nf3 e6 18. Nxf6 Nxf3+ 19. Rxf3 Nxf6 20. fxg6 fxg6 21.
Bg5 Rf8 22. e5 Qb6+ 23. Be3 Qxb2 24. exf6+ Kf7 25. Rxa4 Qe5 26. Qh4 Kg8 27. Rh3
Rxf6 28. Qxh7+ Kf8 29. Qh8+ Ke7 30. Rh7+ Rf7 31. Rxf7+ Kxf7 32. Rf4+ Ke7 33.
Qh7+ Ke8 34. Bxg6+ 1-0

[Event "12sen.WM-H Naumburg"]
[Site "Naumburg/Saale(20.10.-03.11.)"]
[Date "2002.10.29"]
[Round "7"]
[White "Zhelesny, Stanislav"]
[Black "Kunath, Werner"]
[Result "1-0"]
[WhiteElo "2229"]
[BlackElo "2122"]
[PlyCount "98"]
[EventDate "2002.11.??"]

1. d4 Nf6 2. Nf3 b6 3. g3 Bb7 4. Bg2 e6 5. O-O Be7 6. c4 O-O 7. Nc3 d5 8. cxd5
Nxd5 9. Qc2 Nxc3 10. Qxc3 Nd7 11. Bf4 Rc8 12. b4 Bd6 13. Bg5 f6 14. Be3 Qe7 15.
a3 c5 16. bxc5 bxc5 17. Qa5 Bd5 18. Nd2 Bxg2 19. Kxg2 cxd4 20. Bxd4 Bc5 21. Nf3
e5 22. Bxc5 Qxc5 23. Qxc5 Nxc5 24. Rab1 Rfd8 25. Rfd1 Rxd1 26. Rxd1 Rc7 27. Rc1
Kf7 28. Ne1 Ke6 29. f4 e4 30. Nc2 Na6 31. Nd4+ Kf7 32. Rxc7+ Nxc7 33. Kf2 g6
34. a4 f5 35. Nc6 a6 36. Ke3 Ke6 37. Kd4 Kd6 38. Nd8 Ne8 39. Kc4 Kc7 40. Ne6+
Kb6 41. Kb4 a5+ 42. Kc4 Nd6+ 43. Kd5 Nb7 44. e3 h6 45. h3 g5 46. fxg5 hxg5 47.
Ke5 Nc5 48. Nxc5 Kxc5 49. Kxf5 Kb4 1-0

[Event "12sen.WM-H Naumburg"]
[Site "Naumburg/Saale(20.10.-03.11.)"]
[Date "2002.10.29"]
[Round "7"]
[White "Zhukov, Viktor"]
[Black "Hecht, Hans_Joachim"]
[Result "1/2-1/2"]
[WhiteElo "2220"]
[BlackElo "2390"]
[PlyCount "93"]
[EventDate "2002.11.??"]

1. e4 Nf6 2. e5 Nd5 3. Nc3 Nxc3 4. dxc3 d5 5. Nf3 Bg4 6. c4 e6 7. h3 Bf5 8. c3
Nc6 9. g4 Bg6 10. cxd5 Qxd5 11. Qxd5 exd5 12. Bb5 Be4 13. Ke2 O-O-O 14. Bxc6
bxc6 15. Rd1 Re8 16. Be3 Kb7 17. Ng5 Bg6 18. f4 f6 19. Nf3 Be4 20. exf6 gxf6
21. h4 Bd6 22. Rf1 c5 23. b3 c4 24. bxc4 dxc4 25. Kf2 Bd3 26. Rfe1 c5 27. Bd2
Kc6 28. Rxe8 Rxe8 29. Re1 Rxe1 30. Nxe1 Bb1 31. a3 Kb5 32. g5 fxg5 33. fxg5 Ka4
34. h5 Kxa3 35. Nf3 Kb2 36. g6 hxg6 37. h6 g5 38. Nxg5 a5 39. Nf7 Bf8 40. Ne5
Kb3 41. Nd7 Be7 42. Be3 a4 43. Bxc5 a3 44. Bxe7 a2 45. Nc5+ Kb2 46. Na4+ Kb3
47. Nc5+ 1/2-1/2

[Event "12sen.WM-H Naumburg"]
[Site "Naumburg/Saale(20.10.-03.11.)"]
[Date "2002.10.29"]
[Round "7"]
[White "Zierott, Gert_ProfDr"]
[Black "Klebaner, Yakov"]
[Result "1-0"]
[WhiteElo "1740"]
[BlackElo "2041"]
[PlyCount "98"]
[EventDate "2002.11.??"]

1. d4 Nf6 2. c4 g6 3. Nc3 Bg7 4. e4 d6 5. Nf3 O-O 6. Be2 Na6 7. h3 c6 8. O-O
Qe8 9. Be3 e5 10. d5 c5 11. a3 Bd7 12. Nd2 Qe7 13. Rc1 Ne8 14. f4 exf4 15. Bxf4
f5 16. Bd3 g5 17. Bh2 f4 18. Qc2 Be5 19. Nf3 h5 20. Nxe5 dxe5 21. Be2 g4 22.
hxg4 hxg4 23. g3 f3 24. Bd3 Nd6 25. Qd2 Kg7 26. Rf2 Rh8 27. Nd1 Rh3 28. Ne3
Rah8 29. Qc2 Qg5 30. Nf1 Nc7 31. b4 Na6 32. Rb1 b6 33. b5 Nc7 34. a4 Nb7 35.
Qd2 Qh5 36. Rb2 Ne8 37. Bb1 Ned6 38. Bd3 Na5 39. Qc3 Be8 40. Qc2 Bg6 41. Ra2
Kf6 42. Kh1 Qg5 43. Kg1 Qh5 44. Qe2 Qh7 45. Rxf3+ gxf3 46. Qxf3+ Ke7 47. Rf2
Ne8 48. Qg4 Bf7 49. Qg5+ Kd6 1-0

[Event "12sen.WM-H Naumburg"]
[Site "Naumburg/Saale(20.10.-03.11.)"]
[Date "2002.10.29"]
[Round "7"]
[White "Zotin, Vladimir"]
[Black "Burreh, Heinz"]
[Result "1-0"]
[WhiteElo "2058"]
[BlackElo "1826"]
[PlyCount "47"]
[EventDate "2002.11.??"]

1. e4 e5 2. Nf3 Nc6 3. d4 exd4 4. Nxd4 Bc5 5. Be3 Qf6 6. c3 a6 7. Be2 Nge7 8.
O-O O-O 9. f4 Nxd4 10. cxd4 Bb6 11. Nc3 d6 12. Kh1 Ba5 13. e5 dxe5 14. dxe5 Qg6
15. Bc5 Qe6 16. Ne4 Re8 17. Ng5 Qd7 18. Bc4 Qxd1 19. Bxf7+ Kf8 20. Raxd1 Bg4
21. Bxe8 Bxd1 22. Rxd1 Kxe8 23. Ne6 g6 24. b4 1-0

[Event "12sen.WM-H Naumburg"]
[Site "Naumburg/Saale(20.10.-03.11.)"]
[Date "2002.10.29"]
[Round "7"]
[White "Zunker, Reinhard_Dr"]
[Black "Rahn, Oskar"]
[Result "1-0"]
[WhiteElo "2203"]
[BlackElo "2060"]
[PlyCount "95"]
[EventDate "2002.11.??"]

1. e4 e5 2. Nf3 Nc6 3. Bc4 Nf6 4. d4 exd4 5. O-O Nxe4 6. Re1 d5 7. Bxd5 Qxd5 8.
Nc3 Qa5 9. Nxe4 Be6 10. Bd2 Qf5 11. Bg5 h6 12. Bh4 Bc5 13. Qd3 O-O 14. a3 Bb6
15. b4 a6 16. h3 Rfe8 17. g4 Qg6 18. Re2 Bd5 19. Rae1 Bxe4 20. Rxe4 Rxe4 21.
Rxe4 Qd6 22. Bg3 Qd7 23. c4 Rd8 24. c5 Ba7 25. Ne5 Nxe5 26. Bxe5 Qb5 27. Qxb5
axb5 28. Bxc7 Rd7 29. Bd6 Bb6 30. Rxd4 Bd8 31. Rd3 g6 32. Kg2 f6 33. Kf3 Kf7
34. Ke4 Ke6 35. Kd4 Bc7 36. Re3+ Kf7 37. Kd5 Bd8 38. c6 bxc6+ 39. Kxc6 Ra7 40.
Kxb5 f5 41. gxf5 gxf5 42. Bc5 Rd7 43. Kc6 Rd1 44. a4 Bg5 45. Rf3 Ke6 46. a5 Ra1
47. Rd3 Ke5 48. Bd4+ 1-0

[Event "12sen.WM-H Naumburg"]
[Site "Naumburg/Saale(20.10.-03.11.)"]
[Date "2002.10.29"]
[Round "7"]
[White "Zurel, Maxim"]
[Black "Karol, Wolfgang"]
[Result "1-0"]
[WhiteElo "1777"]
[BlackElo "1630"]
[PlyCount "63"]
[EventDate "2002.11.??"]

1. e4 c6 2. Nf3 d6 3. Bc4 e6 4. O-O Be7 5. d4 Nf6 6. Nbd2 O-O 7. Re1 Nbd7 8.
Nf1 Nb6 9. Bd3 Re8 10. Ng3 Nfd7 11. Bd2 Nf8 12. c4 Ng6 13. Ba5 Qd7 14. Rc1 c5
15. d5 Na4 16. Rc2 Nf4 17. Bf1 exd5 18. cxd5 Bf6 19. b3 b6 20. bxa4 bxa5 21.
Bb5 Qe7 22. Bxe8 Qxe8 23. Rc1 Bg4 24. Rb1 Qd7 25. Qd2 g5 26. e5 Bxf3 27. exf6
Qg4 28. Qe3 Rf8 29. Qxf3 Qxf3 30. gxf3 Nxd5 31. Ne4 Rd8 32. Rbd1 1-0

[Event "12sen.WM-H Naumburg"]
[Site "Naumburg/Saale(20.10.-03.11.)"]
[Date "2002.10.30"]
[Round "8"]
[White "Badestein, Hartmut"]
[Black "Jaki, Ingo"]
[Result "0-1"]
[WhiteElo "2122"]
[BlackElo "2073"]
[PlyCount "68"]
[EventDate "2002.11.??"]

1. e4 d5 2. exd5 Qxd5 3. Nc3 Qa5 4. d4 Bf5 5. Nf3 e6 6. Bc4 c6 7. O-O Bd6 8.
Qe2 Nd7 9. h3 O-O-O 10. a3 Nb6 11. Bd2 Nd5 12. Bg5 Ngf6 13. Ne5 Qc7 14. Nd1 h6
15. Bh4 g5 16. Bg3 Ne4 17. Bxd5 exd5 18. Bh2 f6 19. Nf3 Bxh2+ 20. Nxh2 Bg6 21.
Ne3 h5 22. Rfc1 f5 23. Nf3 f4 24. Nf1 Bf5 25. Ne5 g4 26. h4 f3 27. gxf3 gxf3
28. Qxf3 Rdf8 29. Qe3 Rhg8+ 30. Ng3 Qe7 31. Nf3 Bg4 32. Ng5 Rxg5 33. hxg5 Bf3
34. Kh2 Qd6 0-1

[Event "12sen.WM-H Naumburg"]
[Site "Naumburg/Saale(20.10.-03.11.)"]
[Date "2002.10.30"]
[Round "8"]
[White "Barnstedt, Dietrich"]
[Black "Schneiderheinze, Roland"]
[Result "1-0"]
[WhiteElo "2035"]
[BlackElo "1754"]
[PlyCount "79"]
[EventDate "2002.11.??"]

1. d4 Nf6 2. Nf3 e6 3. Bg5 Be7 4. Nbd2 d5 5. e3 O-O 6. Bd3 c5 7. c3 c4 8. Bc2
Nbd7 9. O-O Re8 10. Ne5 Nxe5 11. dxe5 Nd7 12. Bxe7 Qxe7 13. f4 Nf8 14. Nf3 Qc5
15. Qe2 Qb6 16. Rad1 Bd7 17. Nd4 g6 18. Bb1 Qc5 19. Rf3 b5 20. g4 b4 21. Qf2
bxc3 22. bxc3 Rab8 23. e4 dxe4 24. Bxe4 Qa3 25. Kg2 Rb2 26. Rd2 Reb8 27. Kh3
Qxa2 28. Rxb2 Rxb2 29. Qg3 a5 30. f5 exf5 31. gxf5 Qa3 32. e6 fxe6 33. fxe6
Nxe6 34. Bd5 Qe7 35. Qe5 Rb6 36. Rf6 Rd6 37. Bxc4 a4 38. Bxe6+ Rxe6 39. Nxe6 a3
40. Qb8+ 1-0

[Event "12sen.WM-H Naumburg"]
[Site "Naumburg/Saale(20.10.-03.11.)"]
[Date "2002.10.30"]
[Round "8"]
[White "Becker, Karl_Heinz[31Dorm]"]
[Black "Heyse, Juergen"]
[Result "1/2-1/2"]
[WhiteElo "1562"]
[BlackElo "1560"]
[PlyCount "42"]
[EventDate "2002.11.??"]

1. c4 c6 2. Nf3 Nf6 3. Nc3 d5 4. cxd5 Nxd5 5. g3 Nxc3 6. bxc3 Bf5 7. Bg2 Nd7 8.
d4 Be4 9. O-O e6 10. Nd2 Bxg2 11. Kxg2 Be7 12. Nf3 Nf6 13. Qc2 Qd5 14. Re1 Qe4
15. Qxe4 Nxe4 16. Bb2 f6 17. Rad1 Rd8 18. Ng1 Kf7 19. f3 Nd6 20. Ba3 Nc4 21.
Bc1 Rd7 1/2-1/2

[Event "12sen.WM-H Naumburg"]
[Site "Naumburg/Saale(20.10.-03.11.)"]
[Date "2002.10.30"]
[Round "8"]
[White "Bergmann, Hans_Dieter"]
[Black "Tochtermann, Georg_Dr"]
[Result "1-0"]
[WhiteElo "1496"]
[BlackElo "1878"]
[PlyCount "53"]
[EventDate "2002.11.??"]

1. e4 d6 2. d4 Nf6 3. Nc3 c6 4. f4 g6 5. Nf3 Bg7 6. e5 dxe5 7. fxe5 Nd5 8. Ne4
Bf5 9. Ng3 Bg4 10. c3 Qb6 11. h3 Bxf3 12. Qxf3 O-O 13. Bd3 Nd7 14. Nf5 e6 15.
Nxg7 Kxg7 16. O-O Nxe5 17. Qg3 Nxd3 18. Qxd3 c5 19. Qe4 Rae8 20. Qh4 cxd4 21.
Bh6+ Kg8 22. c4 Ne3 23. Qf6 Nf5 24. Rxf5 d3+ 25. Rf2 Qd4 26. Qxd4 e5 27. Qd7
1-0

[Event "12sen.WM-H Naumburg"]
[Site "Naumburg/Saale(20.10.-03.11.)"]
[Date "2002.10.30"]
[Round "8"]
[White "Boeven, Manfred"]
[Black "Glaser, Heinz_Alfred"]
[Result "1-0"]
[WhiteElo "2154"]
[BlackElo "1680"]
[PlyCount "69"]
[EventDate "2002.11.??"]

1. d4 d5 2. Nc3 Nf6 3. Bg5 e6 4. Nf3 Be7 5. e3 Nbd7 6. Bd3 c5 7. O-O c4 8. Be2
h6 9. Bh4 Ne4 10. Nxe4 Bxh4 11. Nd6+ Kf8 12. Nxh4 Qxh4 13. e4 Nf6 14. g3 Qg5
15. f4 Qg6 16. e5 Ne8 17. Bh5 Qh7 18. Qf3 Nxd6 19. Qa3 Qxc2 20. Qxd6+ Ke8 21.
f5 exf5 22. Qxd5 g6 23. Bf3 Qxb2 24. Qxc4 Be6 25. d5 Bd7 26. Rab1 Qa3 27. e6
fxe6 28. dxe6 Bc8 29. Qd4 Rh7 30. Qf6 Qe7 31. Qxg6+ Kf8 32. Qxf5+ Kg8 33. Bd5
Rg7 34. Rbc1 Rg5 35. Qf8+ 1-0

[Event "12sen.WM-H Naumburg"]
[Site "Naumburg/Saale(20.10.-03.11.)"]
[Date "2002.10.30"]
[Round "8"]
[White "Braun, Gottfried_Dr"]
[Black "Bernhoeft, Erhard"]
[Result "1-0"]
[WhiteElo "2243"]
[BlackElo "2074"]
[PlyCount "85"]
[EventDate "2002.11.??"]

1. e4 g6 2. d4 Bg7 3. Nf3 d6 4. Be2 c6 5. O-O Nf6 6. Nc3 O-O 7. e5 dxe5 8. Nxe5
Bf5 9. Bf3 Na6 10. a3 Nc7 11. Re1 h5 12. h3 Ncd5 13. Na4 Qc8 14. c4 Nb6 15.
Nxb6 axb6 16. Qb3 Ra6 17. Bg5 Rd8 18. Rad1 Qc7 19. Bf4 Qc8 20. Bg5 Qc7 21. Qe3
Raa8 22. g4 hxg4 23. hxg4 Bc8 24. Bf4 Rd6 25. g5 Re6 26. d5 Ng4 27. dxe6 Nxe3
28. exf7+ Kh7 29. Rxe3 Ra5 30. Kg2 Bf8 31. b4 Ra8 32. Nxg6 Bh3+ 33. Kxh3 e5 34.
Nxe5 Rd8 35. Rxd8 Qxd8 36. Rd3 Qa8 37. g6+ Kg7 38. Bg5 Qc8+ 39. Bg4 Qc7 40. Bf4
Qe7 41. Bf5 Qf6 42. Kg4 Be7 43. Rh3 1-0

[Event "12sen.WM-H Naumburg"]
[Site "Naumburg/Saale(20.10.-03.11.)"]
[Date "2002.10.30"]
[Round "8"]
[White "Braune, Herbert"]
[Black "Roth, Karl_Heinz"]
[Result "1/2-1/2"]
[WhiteElo "1556"]
[BlackElo "1632"]
[PlyCount "123"]
[EventDate "2002.11.??"]

1. e4 c5 2. Nf3 d6 3. d4 cxd4 4. Nxd4 Nf6 5. Nc3 e6 6. Be2 Be7 7. Be3 a6 8. Qd2
Qc7 9. O-O O-O 10. Rad1 Rd8 11. Qc1 b5 12. a3 Bb7 13. f3 Nbd7 14. Na2 Rac8 15.
b3 d5 16. exd5 Nxd5 17. Bf2 Qe5 18. Bg3 Qe3+ 19. Kh1 Qxc1 20. Rxc1 Bxa3 21. Rb1
Ne3 22. Rfe1 Nxc2 23. Red1 Nxd4 24. Rxd4 Rc2 25. Rbd1 Bd5 26. R4d2 Rxd2 27.
Rxd2 Rc8 28. Bd1 Kf8 29. Kg1 Ke7 30. Kf2 a5 31. Ke2 g5 32. Rc2 Rxc2+ 33. Bxc2
Nc5 34. Nc3 Bc6 35. Bc7 b4 36. Nb1 Bd5 37. Nd2 a4 38. bxa4 b3 39. Bxh7 f5 40.
Nb1 Bb4 41. a5 Bc4+ 42. Kd1 Bd3 43. Kc1 Bc2 44. Kb2 Na4+ 45. Ka1 Nc3 46. a6
Nxb1 47. Be5 Bc5 48. g4 Na3 49. gxf5 exf5 50. Bg8 Bd1 51. Bd5 Ba7 52. Kb2 Nb5
53. h3 Be2 54. f4 g4 55. hxg4 fxg4 56. f5 Bf3 57. f6+ Kf8 58. Bxb3 Bd4+ 59.
Bxd4 Nxd4 60. Bc4 Ne2 61. a7 g3 62. Bxe2 1/2-1/2

[Event "12sen.WM-H Naumburg"]
[Site "Naumburg/Saale(20.10.-03.11.)"]
[Date "2002.10.30"]
[Round "8"]
[White "Breustedt, Werner"]
[Black "Mayers, Dan_E"]
[Result "1-0"]
[WhiteElo "2264"]
[BlackElo "2079"]
[PlyCount "99"]
[EventDate "2002.11.??"]

1. d4 e6 2. e4 d5 3. e5 Ne7 4. Bd3 Nd7 5. Nf3 Nc6 6. c3 f5 7. h4 Be7 8. Ng5 Nb6
9. Bf4 Bd7 10. Nd2 Na5 11. Qe2 Na4 12. Bb5 Bxg5 13. Bxg5 Qc8 14. Rb1 a6 15. Bd3
c5 16. O-O cxd4 17. cxd4 Nc6 18. Rfc1 b5 19. b3 Nb6 20. Qh5+ Kf8 21. Be3 Qe8
22. Qf3 Nb4 23. Bf1 Nxa2 24. Rc5 Rc8 25. Ra1 Nb4 26. Rac1 Na2 27. Rxc8 Bxc8 28.
Rc7 Na8 29. Ra7 Qc6 30. g4 Nc7 31. gxf5 exf5 32. e6 Bxe6 33. Qg3 Ne8 34. Qb8
Nb4 35. Bg5 Qc8 36. Be7+ Kg8 37. Qxc8 Bxc8 38. Bxb4 Nf6 39. Bd6 Nd7 40. Nf3 Kf7
41. Ne5+ Ke6 42. Nxd7 Kxd6 43. Ne5 Rg8 44. h5 Ke6 45. Bd3 Kf6 46. f4 g6 47. h6
g5 48. Rf7+ Ke6 49. Bxf5+ Kd6 50. Bxh7 1-0

[Event "12sen.WM-H Naumburg"]
[Site "Naumburg/Saale(20.10.-03.11.)"]
[Date "2002.10.30"]
[Round "8"]
[White "Chehlov, Alexander"]
[Black "Baumgartner, Heinz"]
[Result "1/2-1/2"]
[WhiteElo "2274"]
[BlackElo "2340"]
[PlyCount "89"]
[EventDate "2002.11.??"]

1. e4 d5 2. exd5 Qxd5 3. Nc3 Qa5 4. d4 c6 5. Nf3 Bf5 6. Bc4 e6 7. Bd2 Nd7 8.
O-O Ngf6 9. Qe2 Bb4 10. a3 Bxc3 11. Bxc3 Qc7 12. Ba2 O-O 13. Bd2 c5 14. Be3 Bg4
15. dxc5 Nxc5 16. Qc4 Bxf3 17. Qxc5 Qxc5 18. Bxc5 Rfc8 19. Bd4 Bd5 20. c3 Bxa2
21. Rxa2 Nd5 22. g3 Rc7 23. a4 Rac8 24. a5 a6 25. Re1 Rc6 26. Raa1 Nc7 27. Red1
h6 28. f3 Nd5 29. Rd3 g5 30. Kf2 f6 31. Rh1 Kg7 32. h4 Kg6 33. hxg5 hxg5 34.
Rd2 R6c7 35. Ke1 Rh7 36. Rxh7 Kxh7 37. Kd1 Kg6 38. Rh2 Rc7 39. Rh8 Rd7 40. Kc2
e5 41. Bf2 f5 42. Rg8+ Kf6 43. Rf8+ Ke6 44. Re8+ Kf6 45. Rf8+ 1/2-1/2

[Event "12sen.WM-H Naumburg"]
[Site "Naumburg/Saale(20.10.-03.11.)"]
[Date "2002.10.30"]
[Round "8"]
[White "Daniel, Wolfgang"]
[Black "Hohler, Peter"]
[Result "1/2-1/2"]
[WhiteElo "1885"]
[BlackElo "2210"]
[PlyCount "63"]
[EventDate "2002.11.??"]

1. e4 e5 2. Nf3 Nc6 3. d4 exd4 4. Nxd4 Bc5 5. Be3 Qf6 6. c3 Nge7 7. Nc2 Bxe3 8.
Nxe3 O-O 9. Be2 d6 10. O-O Qg6 11. Nd2 Kh8 12. Kh1 f5 13. exf5 Nxf5 14. Nxf5
Bxf5 15. Nf3 Qf7 16. Nd4 Nxd4 17. Qxd4 b6 18. Bc4 Be6 19. Bxe6 Qxe6 20. Rfe1
Qf7 21. f3 Rae8 22. a3 Re6 23. Rxe6 Qxe6 24. Qf2 Re8 25. h3 h6 26. Rf1 a5 27.
f4 Qe2 28. Kg1 Kg8 29. Qxe2 Rxe2 30. Rf2 Re1+ 31. Rf1 Re2 32. Rf2 1/2-1/2

[Event "12sen.WM-H Naumburg"]
[Site "Naumburg/Saale(20.10.-03.11.)"]
[Date "2002.10.30"]
[Round "8"]
[White "De_Mol, Fer"]
[Black "Fassmann, Ewald"]
[Result "1/2-1/2"]
[WhiteElo "1313"]
[BlackElo "1771"]
[PlyCount "50"]
[EventDate "2002.11.??"]

1. e4 e5 2. Nf3 Nc6 3. Bc4 Nd4 4. c3 Nxf3+ 5. Qxf3 Qf6 6. Qe2 Bc5 7. b4 Bb6 8.
a4 a6 9. a5 Ba7 10. Bb2 Ne7 11. Na3 O-O 12. Nc2 d6 13. Rd1 Qg6 14. f3 c5 15. b5
axb5 16. Bxb5 Be6 17. d3 Bb8 18. Ra1 Bc7 19. a6 bxa6 20. Rxa6 Rxa6 21. Bxa6 Ra8
22. Bc4 Bxc4 23. dxc4 f5 24. O-O f4 25. Na3 Qe8 1/2-1/2

[Event "12sen.WM-H Naumburg"]
[Site "Naumburg/Saale(20.10.-03.11.)"]
[Date "2002.10.30"]
[Round "8"]
[White "Demmer, Wolfgang"]
[Black "Fanenbruck, Guenter"]
[Result "1-0"]
[WhiteElo "1753"]
[BlackElo "1557"]
[PlyCount "49"]
[EventDate "2002.11.??"]

1. e4 c5 2. c3 e6 3. d4 d5 4. exd5 exd5 5. Nf3 Nc6 6. Be2 Bd6 7. O-O Nge7 8.
dxc5 Bxc5 9. Nbd2 O-O 10. Nb3 Bb6 11. Bg5 Qd6 12. Bd3 Ng6 13. Qc2 h6 14. Bxg6
fxg6 15. Bh4 Bf5 16. Qd2 Be4 17. Nfd4 Qd7 18. Bg3 Rae8 19. Rae1 Bc7 20. Nc5 Qc8
21. Bxc7 Qxc7 22. Nce6 Qd7 23. Nxf8 Rxf8 24. Nxc6 bxc6 25. Rxe4 1-0

[Event "12sen.WM-H Naumburg"]
[Site "Naumburg/Saale(20.10.-03.11.)"]
[Date "2002.10.30"]
[Round "8"]
[White "Dietze, Otto"]
[Black "Mueller, Hartmut_Dieter"]
[Result "1-0"]
[WhiteElo "2126"]
[BlackElo "1505"]
[PlyCount "81"]
[EventDate "2002.11.??"]

1. e4 e6 2. d4 d5 3. Nd2 b6 4. e5 c5 5. Bb5+ Nd7 6. c3 a6 7. Bc6 Rb8 8. Ne2 b5
9. a3 Qc7 10. Bxd7+ Bxd7 11. O-O Ne7 12. Ng3 Nf5 13. Nxf5 exf5 14. Nf3 Be7 15.
Bg5 Be6 16. Re1 h6 17. Bxe7 Qxe7 18. dxc5 Qxc5 19. Nd4 O-O 20. Qh5 Qc8 21. Rad1
f4 22. Qe2 Bg4 23. f3 Be6 24. Kh1 Rb6 25. Qf2 Qd8 26. Ne2 g5 27. g3 Kh7 28.
gxf4 Rg8 29. fxg5 Rxg5 30. Ng3 Bh3 31. f4 Rg4 32. Rg1 Qa8 33. Qd4 Rbg6 34. Nh5
Bg2+ 35. Rxg2 Rxg2 36. Nf6+ Kh8 37. e6 Qd8 38. Nh5+ Rg7 39. Nxg7 Rxg7 40. Rg1
Qg8 41. Qxg7+ 1-0

[Event "12sen.WM-H Naumburg"]
[Site "Naumburg/Saale(20.10.-03.11.)"]
[Date "2002.10.30"]
[Round "8"]
[White "Dille, Janis"]
[Black "Ristic, Sreten"]
[Result "1-0"]
[WhiteElo "2158"]
[BlackElo "1796"]
[PlyCount "99"]
[EventDate "2002.11.??"]

1. e4 d5 2. exd5 Qxd5 3. Nc3 Qa5 4. d4 Nf6 5. Nf3 Bg4 6. h3 Bxf3 7. Qxf3 c6 8.
Bd2 Nbd7 9. O-O-O e6 10. Kb1 Qc7 11. g4 Bd6 12. Bd3 Nb6 13. g5 Nfd5 14. Ne4 Bf4
15. Ba5 Qb8 16. h4 h5 17. gxh6 Bxh6 18. c4 Qf4 19. Qg2 Ne7 20. Bd2 Qc7 21. c5
Nbd5 22. Bxh6 gxh6 23. Qg7 Rg8 24. Nd6+ Qxd6 25. Qxg8+ Nxg8 26. cxd6 Kd7 27.
Rhg1 Kxd6 28. Rg7 Ke7 29. Rh7 Nf4 30. Bc2 Rd8 31. Rh8 h5 32. Rg1 Nf6 33. Rxd8
Kxd8 34. Rg7 Ke7 35. Rg3 b5 36. Ra3 Ng2 37. Rxa7+ Kf8 38. Rc7 Nxh4 39. Rxc6 Nd5
40. Be4 Nf5 41. Bxf5 exf5 42. Rc5 Ne7 43. Rxb5 h4 44. Rb3 f4 45. a4 Kg7 46. Rh3
Nd5 47. a5 Kg6 48. Rxh4 Kg5 49. Rh7 Kf6 50. a6 1-0